Balkónové kvety v kvetináčoch, hrantíkoch a debničkách (Record no. 22954)
[ view plain ]
| 000 -LEADER | |
|---|---|
| fixed length control field | 01431nam a2200397 a 4500 |
| 001 - CONTROL NUMBER | |
| control field | 22954 |
| 003 - CONTROL NUMBER IDENTIFIER | |
| control field | SK-KTurca |
| 005 - DATE AND TIME OF LATEST TRANSACTION | |
| control field | 20260513074758.0 |
| 008 - FIXED-LENGTH DATA ELEMENTS--GENERAL INFORMATION | |
| fixed length control field | 251113s2000 xo a r 0 slo |
| 015 ## - NATIONAL BIBLIOGRAPHY NUMBER | |
| National bibliography number | SNBA2001/08-02702 |
| 020 ## - INTERNATIONAL STANDARD BOOK NUMBER | |
| International Standard Book Number | 8088963486 |
| 035 ## - SYSTEM CONTROL NUMBER | |
| System control number | SNK000364836 |
| 040 ## - CATALOGING SOURCE | |
| Original cataloging agency | SNK |
| Language of cataloging | slo |
| Transcribing agency | SNK |
| Description conventions | AACR2 |
| 041 0# - LANGUAGE CODE | |
| Language code of text/sound track or separate title | slo |
| 044 ## - COUNTRY OF PUBLISHING/PRODUCING ENTITY CODE | |
| MARC country code | xo |
| ISO country code | SK |
| 080 ## - UNIVERSAL DECIMAL CLASSIFICATION NUMBER | |
| Universal Decimal Classification number | 635.92(084.12) |
| Edition identifier | 1981 |
| 100 1# - MAIN ENTRY--PERSONAL NAME | |
| Personal name | Weimar, Martin |
| Relationship | aut |
| 240 10 - UNIFORM TITLE | |
| Uniform title | Balkonblumen in Töpfen, Kästen und Ampeln |
| Language of a work | Slovensky |
| 245 10 - TITLE STATEMENT | |
| Title | Balkónové kvety v kvetináčoch, hrantíkoch a debničkách |
| Remainder of title | odborné rady pri výbere, sadení a starostlivosti na každé ročné obdobie |
| Statement of responsibility, etc. | Martin Weimar ; fotografie Friedrich Strauss ; kresby Marlene Gemkeová a Ushie Dornerová ; [z nemeckého originálu preložil Vladimír Varsik] |
| 250 ## - EDITION STATEMENT | |
| Edition statement | 2. vyd. |
| 260 ## - PUBLICATION, DISTRIBUTION, ETC. | |
| Place of publication, distribution, etc. | [Bratislava] |
| Name of publisher, distributor, etc. | Media klub |
| Date of publication, distribution, etc. | 2000 |
| 300 ## - PHYSICAL DESCRIPTION | |
| Extent | 60 s. |
| Other physical details | fareb. fotogr. |
| Dimensions | 20 cm |
| 490 1# - SERIES STATEMENT | |
| Series statement | Farebné balkóny |
| 500 ## - GENERAL NOTE | |
| General note | Ilustr. na tit. strane a front. |
| 504 ## - BIBLIOGRAPHY, ETC. NOTE | |
| Bibliography, etc. note | Reg. |
| 650 07 - SUBJECT ADDED ENTRY--TOPICAL TERM | |
| Topical term or geographic name entry element | balkónové rastliny |
| Source of heading or term | SNKPH |
| 655 #7 - INDEX TERM--GENRE/FORM | |
| Genre/form data or focus term | príručky |
| Source of term | SNKPH |
| 700 1# - ADDED ENTRY--PERSONAL NAME | |
| Personal name | Strauss, Friedrich |
| Relationship | fot |
| 700 1# - ADDED ENTRY--PERSONAL NAME | |
| Personal name | Gemke, Marlene |
| Relationship | ill |
| 700 1# - ADDED ENTRY--PERSONAL NAME | |
| Personal name | Dorner, Ushie |
| Relationship | ill |
| 700 1# - ADDED ENTRY--PERSONAL NAME | |
| Personal name | Varsik, Vladimír, |
| Dates associated with a name | 1964- |
| Relationship | trl |
| 730 ## - ADDED ENTRY--UNIFORM TITLE | |
| Uniform title | Balkonblumen in Töpfen, Kästen und Ampeln |
| 830 #0 - SERIES ADDED ENTRY--UNIFORM TITLE | |
| Uniform title | Farebné balkóny |
| 942 ## - ADDED ENTRY ELEMENTS (KOHA) | |
| Source of classification or shelving scheme | Dewey Decimal Classification |
| Koha item type | Odborná literatúra pre dospelých |
| Suppress in OPAC | No |
| Stav vyradenia | Strata | Poškodenie | Spôsob nadobudnutia | Domovská knižnica | Aktuálna knižnica | Dátum nadobudnutia | Total checkouts | Čiarový kód exemplára | Date last seen | Typ exemplára |
|---|---|---|---|---|---|---|---|---|---|---|
| Dar | Obecná knižnica Turčianska Štiavnička | Obecná knižnica Turčianska Štiavnička | 13.05.2026 | 4738001247 | 13.05.2026 | Odborná literatúra pre dospelých |
